[Event "Bodensee-Cup 9th"]
[Site "Pfullendorf"]
[Date "2003.05.04"]
[Round "3.6"]
[White "Maier, Alexander"]
[Black "Meier, Thomas"]
[Result "1-0"]
[WhiteElo "2371"]
[BlackElo "2280"]
[PlyCount "80"]
[EventDate "2003.05.02"]
[EventType "team-tourn"]
[EventRounds "3"]
[EventCountry "GER"]
[SourceTitle "CBM 094 Extra"]
[Source "ChessBase"]
[SourceDate "2003.07.09"]
[SourceVersion "2"]
[SourceVersionDate "2003.07.09"]
[SourceQuality "1"]

1. e4 c5 2. Nf3 d6 3. Bb5+ Bd7 4. Bxd7+ Qxd7 5. c4 e5 6. Nc3 g6 7. a3 Nc6 8. 0-0 Nge7 9. b4 b6 10. bxc5 bxc5 11. d3 Bg7 12. Nd5 Nd4 13. Nxd4 exd4 14. Nxe7 Kxe7 15. f4 Rab8 16. Qf3 Rb3 17. Ra2 f6 18. Re2 Kd8 19. e5 Qb7 20. Qh3 dxe5 21. fxe5 f5 22. e6 Bf6 23. Qg3 Ke7 24. Bf4 Qc6 25. Bg5 Rf8 26. Qh4 h5 27. Qg3 Bxg5 28. Qxg5+ Rf6 29. Qh6 Rxe6 30. Rfe1 Rxe2 31. Rxe2+ Kf6 32. h4 Rb8 33. Qg5+ Kg7 34. Re7+ Kf8 35. Re1 Re8 36. Rb1 Rc8 37. Qh6+ Kg8 38. Qg5 Re8 39. Rf1 Qe6 40. Kh1 Qe3 1-0

[Event "Oberliga Wuerttemberg 0203"]
[Site "Wuerttemberg"]
[Date "2003.04.27"]
[Round "9"]
[White "Meier, Thomas"]
[Black "Schmid, Hartmut"]
[Result "1-0"]
[WhiteElo "2257"]
[BlackElo "2171"]
[PlyCount "123"]
[EventDate "2002.10.13"]
[EventType "team-tourn"]
[EventRounds "9"]
[EventCountry "GER"]
[SourceTitle "EXT 2019"]
[Source "ChessBase"]
[SourceDate "2018.10.10"]
[SourceVersion "1"]
[SourceVersionDate "2018.10.10"]
[SourceQuality "1"]
[WhiteTeam "Ditzingen"]
[BlackTeam "Stuttgart SF II"]
[WhiteTeamCountry "GER"]
[BlackTeamCountry "GER"]

1. d4 f5 2. Nf3 g6 3. g3 Bg7 4. Bg2 Nf6 5. 0-0 0-0 6. c4 e6 7. b3 d6 8. Bb2 Nbd7 9. Qc2 Ne4 10. Nc3 Ndf6 11. Rad1 c6 12. Ne1 d5 13. Nd3 Bd7 14. Ne5 Rc8 15. Ba3 Re8 16. f3 Nxc3 17. Qxc3 b6 18. Qd2 Qc7 19. Rc1 Rcd8 20. cxd5 exd5 21. Rc2 Re6 22. Rfc1 Qb7 23. e3 Bh6 24. Qd3 Be8 25. Bb2 a6 26. a4 Bf8 27. Bf1 a5 28. Qd2 Bh6 29. Bd3 Nd7 30. f4 Nf6 31. Ba3 Ne4 32. Qe2 Bg7 33. Ba6 Qa8 34. Bd3 Bxe5 35. fxe5 Qb7 36. Rf1 Qg7 37. Rf4 h5 38. Rc1 Bd7 39. Rcf1 Rc8 40. Ba6 Ra8 41. Bd3 Ng5 42. Kg2 Ree8 43. Rc1 Ra7 44. Bd6 Nf7 45. Ba3 Nd8 46. Rf2 Qh6 47. Qf3 Be6 48. h4 Rf7 49. Qf4 Qg7 50. Bd6 Bc8 51. Qf3 Bb7 52. Rb2 c5 53. Bb5 Re6 54. Kf2 cxd4 55. Rbc2 dxe3+ 56. Qxe3 g5 57. Qxb6 f4 58. Qxd8+ Kh7 59. Bd3+ Rg6 60. Bxg6+ Qxg6 61. Rc7 fxg3+ 62. Kg1 1-0

[Event "Oberliga Wuerttemberg 0203"]
[Site "Wuerttemberg"]
[Date "2003.04.10"]
[Round "8"]
[White "Carstens, Andreas"]
[Black "Meier, Thomas"]
[Result "0-1"]
[WhiteElo "2167"]
[BlackElo "2257"]
[PlyCount "72"]
[EventDate "2002.10.13"]
[EventType "team-tourn"]
[EventRounds "9"]
[EventCountry "GER"]
[SourceTitle "EXT 2019"]
[Source "ChessBase"]
[SourceDate "2018.10.10"]
[SourceVersion "1"]
[SourceVersionDate "2018.10.10"]
[SourceQuality "1"]
[WhiteTeam "Sindelfingen"]
[BlackTeam "Ditzingen"]
[WhiteTeamCountry "GER"]
[BlackTeamCountry "GER"]

1. e4 c5 2. Nf3 d6 3. d4 cxd4 4. Nxd4 Nf6 5. Nc3 Nc6 6. Be2 g6 7. 0-0 Bg7 8. Be3 0-0 9. Nb3 Be6 10. f4 Na5 11. f5 Bc4 12. Bd3 Nxb3 13. axb3 Bxd3 14. cxd3 a6 15. Kh1 d5 16. e5 d4 17. exf6 Bxf6 18. Ne4 dxe3 19. Nxf6+ exf6 20. Qf3 Qxd3 21. fxg6 hxg6 22. Qxf6 e2 23. Rfe1 Rfe8 24. Ra4 Qd2 25. Qc3 Rad8 26. Kg1 Rd3 27. Qxd2 Rxd2 28. Rc4 Rxb2 29. b4 Kg7 30. Kf2 Re5 31. Kf3 Rb5 32. g4 R5xb4 33. Rxb4 Rxb4 34. Rxe2 g5 35. Re7 Kg6 36. Rd7 a5 0-1

[Event "Oberliga Wuerttemberg 0203"]
[Site "Wuerttemberg"]
[Date "2002.12.01"]
[Round "3"]
[White "Boehm, Martin"]
[Black "Meier, Thomas"]
[Result "0-1"]
[WhiteElo "2255"]
[BlackElo "2257"]
[PlyCount "80"]
[EventDate "2002.10.13"]
[EventType "team-tourn"]
[EventRounds "9"]
[EventCountry "GER"]
[SourceTitle "EXT 2019"]
[Source "ChessBase"]
[SourceDate "2018.10.10"]
[SourceVersion "1"]
[SourceVersionDate "2018.10.10"]
[SourceQuality "1"]
[WhiteTeam "Boeblingen"]
[BlackTeam "Ditzingen"]
[WhiteTeamCountry "GER"]
[BlackTeamCountry "GER"]

1. c4 e5 2. Nc3 Nf6 3. g3 d5 4. cxd5 Nxd5 5. Bg2 Nb6 6. Nf3 Nc6 7. 0-0 Be7 8. a3 g5 9. d3 g4 10. Nd2 h5 11. b4 a6 12. Nb3 h4 13. Bb2 hxg3 14. hxg3 Qd6 15. Re1 Qh6 16. e3 f5 17. Na5 Nd8 18. Na4 Nxa4 19. Qxa4+ Bd7 20. Qc2 Bd6 21. Rac1 Rc8 22. Qb3 Ke7 23. a4 b6 24. Nc4 Bc6 25. e4 f4 26. Nxe5 Bxe5 27. gxf4 Qh2+ 28. Kf1 Qxf4 29. Bxe5 Qxe5 30. d4 Qxd4 31. b5 axb5 32. axb5 Rf8 33. Rc2 Bb7 34. Qg3 Ne6 35. Qxg4 Qd3+ 36. Rce2 Qxb5 37. Bh3 Qe5 38. Qh4+ Qf6 39. Qg4 Ba6 40. e5 Qxf2# 0-1

[Event "Oberliga Wuerttemberg 0203"]
[Site "Wuerttemberg"]
[Date "2002.11.10"]
[Round "2"]
[White "Meier, Thomas"]
[Black "Haecker, Johannes"]
[Result "1-0"]
[WhiteElo "2257"]
[BlackElo "2166"]
[PlyCount "63"]
[EventDate "2002.10.13"]
[EventType "team-tourn"]
[EventRounds "9"]
[EventCountry "GER"]
[SourceTitle "EXT 2019"]
[Source "ChessBase"]
[SourceDate "2018.10.10"]
[SourceVersion "1"]
[SourceVersionDate "2018.10.10"]
[SourceQuality "1"]
[WhiteTeam "Ditzingen"]
[BlackTeam "Wolfbusch"]
[WhiteTeamCountry "GER"]
[BlackTeamCountry "GER"]

1. d4 c5 2. d5 d6 3. c4 Nf6 4. Nc3 g6 5. e4 Bg7 6. f3 Na6 7. Bg5 h6 8. Be3 0-0 9. Qd2 Kh7 10. Nge2 Nc7 11. Rd1 a6 12. Nc1 Bd7 13. Bd3 b5 14. b3 b4 15. N3e2 a5 16. 0-0 a4 17. e5 Ng8 18. f4 Na6 19. exd6 exd6 20. f5 gxf5 21. Bxf5+ Bxf5 22. Rxf5 axb3 23. axb3 Qe7 24. Ng3 Rfe8 25. Rf3 Bf8 26. Rdf1 f6 27. Nf5 Qf7 28. Qd3 Kh8 29. Nh4 Qd7 30. Ng6+ Kg7 31. Rg3 Kf7 32. Nh8+ 1-0

[Event "Oberliga Wuerttemberg 0102"]
[Site "Wuerttemberg"]
[Date "2002.??.??"]
[Round "7"]
[White "Meier, Thomas"]
[Black "Gehrmann, Holger"]
[Result "1-0"]
[WhiteElo "2227"]
[BlackElo "2099"]
[PlyCount "73"]
[EventDate "2001.10.01"]
[EventType "team-tourn"]
[EventRounds "9"]
[EventCountry "GER"]
[SourceTitle "EXT 2019"]
[Source "ChessBase"]
[SourceDate "2018.10.10"]
[SourceVersion "1"]
[SourceVersionDate "2018.10.10"]
[SourceQuality "1"]
[WhiteTeam "Ditzingen"]
[BlackTeam "Lindenberg"]
[WhiteTeamCountry "GER"]
[BlackTeamCountry "GER"]

1. d4 Nf6 2. c4 g6 3. Nc3 Bg7 4. e4 d6 5. f3 0-0 6. Be3 Nc6 7. Qd2 a6 8. Nge2 Rb8 9. h4 h5 10. Nc1 e5 11. d5 Nd4 12. Nb3 c5 13. dxc6 Nxb3 14. c7 Nxd2 15. cxb8Q Nxf1 16. Kxf1 Qe7 17. Rd1 Rd8 18. Bb6 Re8 19. Qxd6 Qxd6 20. Rxd6 Be6 21. b3 Nd7 22. Be3 Rc8 23. Ke2 Bf8 24. Rd3 Nc5 25. Rd2 b5 26. cxb5 Nxb3 27. axb3 Rxc3 28. bxa6 Rxb3 29. a7 Rxe3+ 30. Kxe3 Bc5+ 31. Kd3 Bxa7 32. Ra1 Bd4 33. Ra4 Bc5 34. Ra5 Be7 35. g3 Bf6 36. Rb2 Kg7 37. Rbb5 1-0

[Event "Stuttgart op 6th"]
[Site "Ditzingen"]
[Date "2001.05.26"]
[Round "5"]
[White "Meier, Thomas"]
[Black "Nagelsdiek, Michael"]
[Result "1-0"]
[WhiteElo "2283"]
[BlackElo "2154"]
[PlyCount "79"]
[EventDate "2001.05.24"]
[EventType "swiss"]
[EventRounds "7"]
[EventCountry "GER"]
[SourceTitle "CBM 082 Extra"]
[Source "ChessBase"]
[SourceDate "2001.07.03"]
[SourceVersion "1"]
[SourceVersionDate "2001.07.03"]
[SourceQuality "1"]

1. d4 g6 2. c4 Nf6 3. Nc3 Bg7 4. e4 d6 5. f3 e5 6. Nge2 Nc6 7. Be3 0-0 8. d5 Ne7 9. Qd2 c5 10. g4 Ne8 11. g5 f5 12. gxf6 Bxf6 13. h4 Ng7 14. Ng3 Nh5 15. Nce2 Nxg3 16. Nxg3 h5 17. 0-0-0 Kf7 18. Bh6 Rh8 19. Bd3 Ng8 20. Bg5 Bxg5 21. hxg5 Ne7 22. Rdf1 Kg7 23. f4 h4 24. fxe5 dxe5 25. Nf5+ gxf5 26. exf5 Ng8 27. Qe3 Kf8 28. Qxc5+ Qe7 29. Qe3 e4 30. Bxe4 Bd7 31. f6 Qb4 32. Bd3 Re8 33. Qf4 Qb6 34. f7 Qe3+ 35. Kc2 Qxf4 36. fxe8Q+ Kxe8 37. Rxf4 h3 38. Bf5 Ne7 39. Bxd7+ Kxd7 40. Rf3 1-0

[Event "Stuttgart op 6th"]
[Site "Ditzingen"]
[Date "2001.05.25"]
[Round "3"]
[White "Meier, Thomas"]
[Black "Gabriel, Robert A"]
[Result "1-0"]
[WhiteElo "2283"]
[BlackElo "2292"]
[PlyCount "53"]
[EventDate "2001.05.24"]
[EventType "swiss"]
[EventRounds "7"]
[EventCountry "GER"]
[SourceTitle "CBM 082 Extra"]
[Source "ChessBase"]
[SourceDate "2001.07.03"]
[SourceVersion "1"]
[SourceVersionDate "2001.07.03"]
[SourceQuality "1"]

1. d4 Nf6 2. c4 e6 3. Nc3 Bb4 4. e3 b6 5. Qb3 a5 6. a3 Bxc3+ 7. Qxc3 Ne4 8. Qc2 Bb7 9. Nf3 0-0 10. Bd3 f5 11. 0-0 d6 12. Nd2 Qh4 13. f3 Ng5 14. f4 Qg4 15. d5 Nf7 16. Rf3 Nh6 17. Rg3 Qh4 18. Nf3 Qf6 19. Bd2 g6 20. Ng5 e5 21. Rh3 exf4 22. exf4 Ng4 23. Bc3 Qe7 24. Re1 Ne5 25. Nxh7 Rf7 26. Ng5 Rg7 27. Qd2 1-0